| 000 | 01350cam a2200313 a 4500 | ||
|---|---|---|---|
| 999 |
_c41775 _d41775 |
||
| 001 | 15471280 | ||
| 003 | OSt | ||
| 005 | 20221109105017.0 | ||
| 008 | 081001s2008 enkab b 001 0 eng | ||
| 010 | _a 2008277423 | ||
| 020 | _a9780521864084 (hbk.) | ||
| 020 | _a9780521682770 (pbk.) | ||
| 040 |
_aDLC _cDLC _dDLC |
||
| 050 | 0 | 0 |
_aQK566 _b.L44 2008 |
| 082 | 0 | 0 |
_a579.8 _222 _bLEE/P |
| 100 | 1 |
_aLee, Robert Edward, _d1942- _99285 |
|
| 245 | 1 | 0 |
_aPhycology / _cRobert Edward Lee. |
| 250 | _a4th ed. | ||
| 260 |
_aCambridge, [England] ; _aNew York : _bCambridge University Press, _c2008. |
||
| 300 |
_ax, 547 p. : _bill., maps ; _c26 cm. |
||
| 504 | _aIncludes bibliographical references and index. | ||
| 650 | 0 | _aAlgology. | |
| 856 | 4 | 2 |
_3Contributor biographical information _uhttp://www.loc.gov/catdir/enhancements/fy0901/2008277423-b.html |
| 856 | 4 | 2 |
_3Publisher description _uhttp://www.loc.gov/catdir/enhancements/fy0901/2008277423-d.html |
| 856 | 4 | 1 |
_3Table of contents only _uhttp://www.loc.gov/catdir/enhancements/fy0901/2008277423-t.html |
| 906 |
_a7 _bcbc _corigcop _d2 _encip _f20 _gy-gencatlg |
||
| 942 |
_2ddc _cBK _h579.8 _iLEE/P _k579.8 _mLEE/P |
||